Регионална библиотека "Любен Каравелов" - Русе

Физиката и физическите теории (Запис номер 59219)

MARC детайли
000 -Лидер
Контролно поле с фиксирана дължина nam a22 a 4500
003 - Код на организацията, давaща контролен номер
Контролно поле BLK
005 - Дата и час на последна редакция
Контролно поле 20220622102834.0
008 - Елементи от данни с фиксирана дължина
fixed length control field 180408b bul|||||r ||||||| ||bul||
040 ## - Източник на каталожния запис
Идентификатор на билиотеката - собственик на записа BLK
041 ## - Код за език
Код за езика на текст/звукозапис или на отделно заглавие Български
Код за езика КДБФ Български
080 ## - УДК
Текстов определител УДК Физика
УДК код - определител по УДК 53
УДК - код + определител 53
100 1# - Редна дума - Автор
Автор Влахов, Йордан
Авторска отговорност първи автор
R(LIN) 281122
139 ## - Редно поле
Редна дума Влахов, Йордан и др.
Авторски знак Влах - В 73
245 10 - Сведения за заглавието
Заглавие Физиката и физическите теории
Подзаглавни данни Научнопопул. очерк
Редно поле (дума) Йордан Влахов; съавт. Петър Петров Райчев.
257 ## - Страна на издаване
Страна на създаване/издаване България
260 ## - Област на издателските данни
Място на издаване, разпространение и проч. София
Име на издателя, разпространителя и проч. Нар. просв.
Година на издаване 1969
Печатница Враца : печ. В. Александров
300 ## - Физическа характеристика
Страници 171 с.
Илюстрации и др. с ил.
Размери/Мащаб 22 см
380 ## - Жанр
Жанр Естествени науки. Математика
650 #4 - Допълнително описание по предмет – тема
Основно описание – тема или топоним Физика - популярна литература
9 (RLIN) 271528
653 ## - Ключова дума – ненормативна
Ключова дума физика
700 1# - Други автори (авторска отговорност)
Лично име Райчев, Петър Петров
Автороска отговорност (Описва отношението между автора и произведението) съавт.
9 (RLIN) 369735
852 ## - Местоположение
Форматна сигнатура Цб 49273
Фондова буква Хранилище
999 ## - СИСТЕМНИ КОНТРОЛНИ НОМЕРА
Koha biblionumber 59219
Koha biblioitemnumber 59219
942 ## - АРТИКУЛИ
Вид на библиотечния материал Книги
Скрит в OPAC Не
Периодичен библиозапис Да
944 ## - СЪЗДАВАНЕ И РЕДАКЦИЯ на ЗАПИСА
Създаване/Редакция Създаване
Дата на регистрацията/редакция 13.06.2004
Служител, извършил регистрацията/редакцията Геновева_Генчева
944 ## - СЪЗДАВАНЕ И РЕДАКЦИЯ на ЗАПИСА
Създаване/Редакция Редакция
Дата на регистрацията/редакция 2022-06-22
Служител, извършил регистрацията/редакцията Кети
999 ## - СИСТЕМНИ КОНТРОЛНИ НОМЕРА
Koha biblioitemnumber 59219
Наличности
Код за отписване Код за изгубен артикул Източник на класификационната схема Код за повреда Коз за рестрикции Код за отдаване Артикулен № Име на библиотеката - собственик Име на библиотеката, в която се намира в момента Статус (Текущо местоположение) Дата на вписване в системата Местоположение - отдел Цена в лева Инвентарен номер Систематично азбучна сигнатура Баркод Номер на екземпляра Цена в евро Служебна бележка Служебен тип на артикула
Изтеглен Не е изгубен Universal Decimal Classification Не е повреден без рестрикции ползва се в читалня 96474 Регионална библиотека "Любен Каравелов" Русе Регионална библиотека "Любен Каравелов" Русе Читалня 1993-01-01 Читалня 0.33 55501 Ч 53/В 73 55501 1 0.17 Дата инв: 15.03.2017 Бележки инв: Ч2017 Книги
  Не е изгубен Universal Decimal Classification Не е повреден само за читалня ползва се в читалня 96475 Регионална библиотека "Любен Каравелов" Русе Регионална библиотека "Любен Каравелов" Русе Хранилище 1969-01-01 Хранилище 0.33 54511 Цб 49273 120000054511 2 0.17 Дост: Dp Вид: Д N: стар фонд Дата: 01.01.1969 Книги
Vip Innovations Ltd, Rousse, Bulgaria 2025